Praktická príručka pre bezpečnostných technikov

Saved in:
Bibliographic Details
Main Author: Majer, Ivan (Author)
Format: Book
Language:Slovak
Published: Verlag Dashöfer, 2006
Edition:1.vyd.
Subjects:
Tags: Add Tag
No Tags, Be the first to tag this record!

MARC

LEADER 00000nam a22000003a 4500
001 stu99286
005 20150617225817.8
008 051207s2006------------------------slo-d
040 |a STU  |b slo 
041 0 |a slo 
080 |a 614.8(031):613.6(031) 
100 1 |a Majer, Ivan  |4 aut 
245 1 |a Praktická príručka pre bezpečnostných technikov 
250 |a 1.vyd. 
260 |b Verlag Dashöfer,  |c 2006 
300 |a nestr 
650 7 |a bezpečnosť pri práci  |2 stusub 
996 |b 284J027905  |c J*104662  |l JJST  |s P  |a 0  |w stu99286_0001